[Event "Lille Luce op 2nd"]
[Site "Lille"]
[Date "2011.04.28"]
[Round "5"]
[White "Navrotescu, Catalin"]
[Black "Soyez, Cyril"]
[Result "1-0"]
[WhiteElo "2431"]
[BlackElo "2228"]
[PlyCount "87"]
[EventDate "2011.04.25"]
[EventType "swiss"]
[EventRounds "9"]
[EventCountry "FRA"]
[SourceTitle "CBM 142 Extra"]
[Source "ChessBase"]
[SourceDate "2011.06.27"]
[SourceVersion "1"]
[SourceVersionDate "2011.06.27"]
[SourceQuality "1"]

1. d4 c5 2. d5 Nf6 3. c4 b5 4. cxb5 a6 5. b6 d6 6. Nc3 Nbd7 7. e4 g6 8. Nf3 Bg7 9. a4 a5 10. Bb5 Ba6 11. b7 Bxb7 12. 0-0 0-0 13. Re1 Ne8 14. Bf4 Nc7 15. Qd2 Nxb5 16. axb5 Nb6 17. Bh6 e6 18. h4 Nc4 19. Qc1 Nb6 20. Bxg7 Kxg7 21. Qd2 h6 22. Rad1 e5 23. h5 gxh5 24. g3 f5 25. exf5 Rxf5 26. Nh4 Rf7 27. Qe2 Bc8 28. Ne4 Bg4 29. f3 Bf5 30. Nxc5 Qg5 31. Nxf5+ Qxf5 32. Ne6+ Kh8 33. Kg2 Nxd5 34. Rxd5 Qxe6 35. Red1 Rd8 36. Rxe5 Qxe5 37. Qxe5+ dxe5 38. Rxd8+ Kg7 39. b6 Kg6 40. Rd6+ Kg7 41. Rc6 Rf8 42. b7 Rb8 43. Rb6 Kf7 44. Kh3 1-0

[Event "FRA-chT2 0910"]
[Site "France"]
[Date "2010.01.24"]
[Round "7.1"]
[White "Rausis, Igors"]
[Black "Soyez, Cyril"]
[Result "1/2-1/2"]
[WhiteElo "2505"]
[BlackElo "2244"]
[PlyCount "104"]
[EventDate "2009.09.27"]
[EventType "team-tourn"]
[EventRounds "11"]
[EventCountry "FRA"]
[SourceTitle "EXT 2011"]
[Source "ChessBase"]
[SourceDate "2010.11.26"]
[SourceVersion "1"]
[SourceVersionDate "2010.11.26"]
[SourceQuality "1"]

1. Nf3 c5 2. g3 g6 3. Bg2 Bg7 4. d4 cxd4 5. Nxd4 Nc6 6. Nxc6 bxc6 7. c4 Qa5+ 8. Nd2 Rb8 9. 0-0 Bxb2 10. Rb1 Be5 11. Rxb8 Bxb8 12. Qb3 Be5 13. Nf3 Bg7 14. Ba3 Nh6 15. e4 c5 16. h3 0-0 17. Rb1 d6 18. Bc1 Kh8 19. Bd2 Qa6 20. Bf1 f5 21. e5 Nf7 22. exd6 Nxd6 23. Bc3 Bb7 24. Bg2 Bxf3 25. Bxg7+ Kxg7 26. Qxf3 Qxa2 27. Qc3+ Rf6 28. Rb7 Qxc4 29. Qxc4 Nxc4 30. Rxa7 Re6 31. Bd5 Re1+ 32. Kg2 Nb6 33. Ba2 c4 34. Rc7 Kf8 35. Rc6 Ra1 36. Bxc4 Nxc4 37. Rxc4 Ra2 38. h4 Kf7 39. Rc6 Rb2 40. Ra6 Rc2 41. Rb6 Kg7 42. Re6 Kf7 43. Rb6 Re2 44. Kf1 Re4 45. Kg2 Kg7 46. Ra6 Re1 47. Rb6 e5 48. Rb7+ Kh6 49. f3 Re2+ 50. Kf1 Ra2 51. Re7 Ra3 52. Kf2 Ra2+ 1/2-1/2

[Event "Le Touquet op-A 24th"]
[Site "Le Touquet"]
[Date "2009.10.27"]
[Round "5"]
[White "Soyez, Cyril"]
[Black "Joie, Sebastien"]
[Result "1-0"]
[WhiteElo "2246"]
[BlackElo "2113"]
[PlyCount "99"]
[EventDate "2009.10.24"]
[EventType "swiss"]
[EventRounds "9"]
[EventCountry "FRA"]
[SourceTitle "EXT 2010"]
[Source "ChessBase"]
[SourceDate "2010.11.25"]
[SourceVersion "1"]
[SourceVersionDate "2010.11.25"]
[SourceQuality "1"]

1. g3 g6 2. c4 Nf6 3. Bg2 Bg7 4. Nc3 0-0 5. Nf3 d6 6. d4 Nc6 7. 0-0 a6 8. b3 Rb8 9. Bb2 b5 10. cxb5 axb5 11. d5 Na5 12. Nd4 b4 13. Ncb5 Nxd5 14. Bxd5 Rxb5 15. Nxb5 Bxb2 16. Rb1 Bg7 17. Bg2 c5 18. h3 Ba6 19. a4 Qb6 20. Kh2 Bxb5 21. axb5 Qxb5 22. f4 Rd8 23. Qd5 e6 24. Qg5 Rd7 25. e4 Qe2 26. f5 Qh5 27. Qxh5 gxh5 28. fxe6 fxe6 29. h4 Nc6 30. Bf3 Be5 31. Bxh5 Rg7 32. Rg1 d5 33. exd5 exd5 34. Bf3 Rd7 35. Rge1 Kg7 36. Bh5 Re7 37. Bf3 Rd7 38. Kh3 Nd4 39. Bg2 Kf6 40. g4 Ne6 41. g5+ Kf5 42. Rf1+ Nf4+ 43. Kg3 Rd8 44. Rbe1 Bb8 45. Bh3+ Kg6 46. Rxf4 Rf8 47. Re6+ Kg7 48. Ref6 Rxf6 49. gxf6+ Kf7 50. Bg2 1-0

[Event "Le Touquet op-A 24th"]
[Site "Le Touquet"]
[Date "2009.10.26"]
[Round "3"]
[White "Soyez, Cyril"]
[Black "Vovk, Andrey"]
[Result "0-1"]
[WhiteElo "2246"]
[BlackElo "2512"]
[PlyCount "66"]
[EventDate "2009.10.24"]
[EventType "swiss"]
[EventRounds "9"]
[EventCountry "FRA"]
[SourceTitle "EXT 2010"]
[Source "ChessBase"]
[SourceDate "2010.11.25"]
[SourceVersion "1"]
[SourceVersionDate "2010.11.25"]
[SourceQuality "1"]

1. c4 Nf6 2. g3 g6 3. Bg2 Bg7 4. Nc3 0-0 5. Nf3 d6 6. d4 Nc6 7. 0-0 a6 8. b3 Rb8 9. Bb2 b5 10. cxb5 axb5 11. d5 Na5 12. Nd4 b4 13. Ncb5 e5 14. dxe6 c5 15. exf7+ Kh8 16. Nc6 Nxc6 17. Bxc6 Bh3 18. Nxd6 Bxf1 19. Ne8 Qxd1 20. Rxd1 Bxe2 21. Rd7 c4 22. Bxf6 Bxf6 23. Nxf6 c3 24. Be4 Rbc8 25. Bc2 Bf3 26. g4 Ra8 27. h4 Rxa2 28. Bd3 Rd2 29. Rd8 Kg7 30. Rxf8 Kxf8 31. Bc4 Bd5 32. Nxh7+ Kxf7 33. Ng5+ Ke7 0-1

[Event "FRA-chT2 0910"]
[Site "France"]
[Date "2009.10.18"]
[Round "3.5"]
[White "Godart, Francois"]
[Black "Soyez, Cyril"]
[Result "1-0"]
[WhiteElo "2178"]
[BlackElo "2246"]
[PlyCount "29"]
[EventDate "2009.09.27"]
[EventType "team-tourn"]
[EventRounds "11"]
[EventCountry "FRA"]
[SourceTitle "EXT 2011"]
[Source "ChessBase"]
[SourceDate "2010.11.26"]
[SourceVersion "1"]
[SourceVersionDate "2010.11.26"]
[SourceQuality "1"]

1. d4 Nf6 2. c4 c5 3. d5 b5 4. cxb5 a6 5. bxa6 Bxa6 6. Nc3 g6 7. g3 d6 8. Bg2 Bg7 9. Rb1 0-0 10. b3 Qa5 11. Bd2 Nbd7 12. e4 Rfe8 13. Nh3 Rab8 14. Rg1 c4 15. Nb5 1-0

[Event "FRA-chT2 North 0809"]
[Site "France"]
[Date "2009.03.15"]
[Round "9.2"]
[White "Glavina, Pablo"]
[Black "Soyez, Cyril"]
[Result "1/2-1/2"]
[WhiteElo "2443"]
[BlackElo "2238"]
[PlyCount "79"]
[EventDate "2008.10.19"]
[EventType "team-tourn"]
[EventRounds "11"]
[EventCountry "FRA"]
[SourceTitle "EXT 2010"]
[Source "ChessBase"]
[SourceDate "2010.11.25"]
[SourceVersion "1"]
[SourceVersionDate "2010.11.25"]
[SourceQuality "1"]
[WhiteTeam "Noyon II"]
[BlackTeam "Fenain Hornaing"]
[WhiteTeamCountry "FRA"]
[BlackTeamCountry "FRA"]

1. d4 Nf6 2. c4 c5 3. d5 b5 4. f3 bxc4 5. e4 d6 6. Bxc4 g6 7. Ne2 Bg7 8. 0-0 0-0 9. Be3 Nfd7 10. Nec3 Ba6 11. Bxa6 Nxa6 12. Nd2 Rb8 13. Rb1 Nc7 14. Nc4 Nb5 15. Nxb5 Rxb5 16. Qd3 Qb8 17. Rf2 Ne5 18. Nxe5 Bxe5 19. b3 Rb4 20. Rc2 Bd4 21. a3 Qb5 22. Rd2 Qxd3 23. Rxd3 Bxe3+ 24. Rxe3 Rb7 25. Rc1 Rfb8 26. Rcc3 Rb6 27. Kf2 Ra6 28. a4 Rb4 29. f4 f5 30. exf5 Rxf4+ 31. Kg3 Rxf5 32. Rxe7 Rxd5 33. Rf3 Rf5 34. Rxf5 gxf5 35. Kf4 d5 36. Kxf5 c4 37. bxc4 dxc4 38. Rc7 Rxa4 39. Kf6 Ra6+ 40. Ke5 1/2-1/2

[Event "FRA-chT2 North 0809"]
[Site "France"]
[Date "2009.01.18"]
[Round "6.3"]
[White "Yacob, Francois"]
[Black "Soyez, Cyril"]
[Result "1/2-1/2"]
[WhiteElo "2167"]
[BlackElo "2238"]
[PlyCount "44"]
[EventDate "2008.10.19"]
[EventType "team-tourn"]
[EventRounds "11"]
[EventCountry "FRA"]
[SourceTitle "EXT 2010"]
[Source "ChessBase"]
[SourceDate "2010.11.25"]
[SourceVersion "1"]
[SourceVersionDate "2010.11.25"]
[SourceQuality "1"]
[WhiteTeam "Cergy Pontoise"]
[BlackTeam "Fenain Hornaing"]
[WhiteTeamCountry "FRA"]
[BlackTeamCountry "FRA"]

1. e4 c5 2. Nf3 g6 3. d4 cxd4 4. Nxd4 Bg7 5. c4 Nc6 6. Be3 d6 7. Nc3 Nh6 8. Be2 f5 9. exf5 Nxf5 10. Nxf5 Bxf5 11. 0-0 0-0 12. Rc1 Kh8 13. Qd2 b6 14. Bg5 Qd7 15. Bf3 Rae8 16. Bd1 Bxc3 17. Qxc3+ e5 18. Ba4 Rc8 19. Rfd1 Qe6 20. Be3 Na5 21. Bb5 Be4 22. Bh6 Rg8 1/2-1/2

[Event "Le Touquet op-A"]
[Site "Le Touquet"]
[Date "2008.10.30"]
[Round "7"]
[White "Arkell, Keith C"]
[Black "Soyez, Cyril"]
[Result "1-0"]
[WhiteElo "2521"]
[BlackElo "2234"]
[PlyCount "100"]
[EventDate "2008.10.25"]
[EventType "swiss"]
[EventRounds "9"]
[EventCountry "FRA"]
[SourceTitle "EXT 2009"]
[Source "ChessBase"]
[SourceDate "2008.11.26"]
[SourceVersion "1"]
[SourceVersionDate "2008.11.26"]
[SourceQuality "1"]

1. d4 Nf6 2. Nf3 c5 3. d5 b5 4. Bg5 Qa5+ 5. c3 Ne4 6. Bf4 d6 7. Nbd2 Nxd2 8. Qxd2 Bg4 9. e4 Bxf3 10. gxf3 Nd7 11. a4 bxa4 12. b4 cxb4 13. cxb4 Qc7 14. Bb5 g5 15. Be3 Bg7 16. Rc1 Qd8 17. h4 0-0 18. hxg5 a5 19. Bxa4 axb4 20. Qxb4 Ne5 21. Ke2 Qa5 22. Qxa5 Rxa5 23. Bd1 Rb8 24. f4 Ra2+ 25. Rc2 Rxc2+ 26. Bxc2 Nc4 27. Bc1 Ra8 28. Bb3 Na5 29. Rh3 Nxb3 30. Rxb3 h6 31. Rb7 Kf8 32. Kf3 hxg5 33. fxg5 Be5 34. Kg4 Ra1 35. Be3 Ra4 36. Kf5 Ra8 37. f4 Bc3 38. Bb6 Ba5 39. Bxa5 Rxa5 40. g6 Ra4 41. g7+ Kxg7 42. Rxe7 Ra1 43. Rd7 Ra6 44. Rd8 Rb6 45. Rd7 Ra6 46. Rc7 Ra8 47. e5 dxe5 48. fxe5 Ra5 49. Rd7 Kf8 50. Kf6 Ke8 1-0

[Event "Le Touquet op-A"]
[Site "Le Touquet"]
[Date "2008.10.27"]
[Round "3"]
[White "D'Costa, Lorin AR"]
[Black "Soyez, Cyril"]
[Result "1-0"]
[WhiteElo "2411"]
[BlackElo "2234"]
[PlyCount "55"]
[EventDate "2008.10.25"]
[EventType "swiss"]
[EventRounds "9"]
[EventCountry "FRA"]
[SourceTitle "EXT 2009"]
[Source "ChessBase"]
[SourceDate "2008.11.26"]
[SourceVersion "1"]
[SourceVersionDate "2008.11.26"]
[SourceQuality "1"]

1. e4 c5 2. Nf3 Nc6 3. d4 cxd4 4. Nxd4 g6 5. Nc3 Bg7 6. Be3 d6 7. Qd2 Nf6 8. f3 0-0 9. 0-0-0 Nxd4 10. Bxd4 Be6 11. Kb1 Qc7 12. h4 Rfc8 13. h5 Qa5 14. hxg6 fxg6 15. a3 Bf7 16. Qe1 Rab8 17. e5 dxe5 18. Bxe5 b5 19. Nd5 b4 20. axb4 Qa4 21. b3 Qa3 22. Nxe7+ Kh8 23. Bb2 Qxb2+ 24. Kxb2 Nd5+ 25. Kc1 Nc3 26. Nxc8 Rxc8 27. Qh4 h5 28. Rd8+ 1-0

[Event "Le Touquet op-A"]
[Site "Le Touquet"]
[Date "2008.10.26"]
[Round "2"]
[White "Soyez, Cyril"]
[Black "Lecoeur, Boris"]
[Result "1-0"]
[WhiteElo "2234"]
[BlackElo "1729"]
[PlyCount "45"]
[EventDate "2008.10.25"]
[EventType "swiss"]
[EventRounds "9"]
[EventCountry "FRA"]
[SourceTitle "EXT 2009"]
[Source "ChessBase"]
[SourceDate "2008.11.26"]
[SourceVersion "1"]
[SourceVersionDate "2008.11.26"]
[SourceQuality "1"]

1. c4 Nf6 2. g3 c6 3. Nf3 d5 4. b3 Bf5 5. Bb2 e6 6. Bg2 Bd6 7. d3 Nbd7 8. 0-0 0-0 9. Nbd2 Qc7 10. Nh4 Bg4 11. Rc1 Ne5 12. h3 Nxd3 13. Bxf6 Nxc1 14. hxg4 Nxe2+ 15. Qxe2 gxf6 16. Bf3 dxc4 17. Nxc4 Bc5 18. Kg2 Rad8 19. Rh1 Kh8 20. Be4 Kg7 21. g5 f5 22. Qh5 fxe4 23. Nf5+ 1-0

[Event "La Fere op 7th"]
[Site "La Fere"]
[Date "2008.07.09"]
[Round "6"]
[White "Soyez, Cyril"]
[Black "Lapersonne, Patrick"]
[Result "1-0"]
[WhiteElo "2254"]
[BlackElo "1600"]
[PlyCount "83"]
[EventDate "2008.07.05"]
[EventType "swiss"]
[EventRounds "9"]
[EventCountry "FRA"]
[SourceTitle "CBM 125 Extra"]
[Source "ChessBase"]
[SourceDate "2008.09.01"]
[SourceVersion "1"]
[SourceVersionDate "2008.09.01"]
[SourceQuality "1"]

1. c4 e5 2. g3 Nf6 3. Bg2 d5 4. cxd5 Nxd5 5. Nc3 c6 6. Nxd5 cxd5 7. Qb3 Be6 8. Qxb7 Nd7 9. Nf3 Bc5 10. 0-0 Rb8 11. Qa6 Rb6 12. Qa4 Rb4 13. Qc2 Rc4 14. Qd1 Bb6 15. d3 Rc7 16. b3 0-0 17. Ba3 Bc5 18. Bxc5 Rxc5 19. d4 exd4 20. Nxd4 Nf6 21. Nxe6 fxe6 22. Rc1 Qe7 23. Qd2 Rfc8 24. e3 Qc7 25. Rxc5 Qxc5 26. Rd1 Qc2 27. h3 Ne4 28. Qxc2 Rxc2 29. Bxe4 Rxa2 30. Bxd5 exd5 31. Rxd5 a5 32. Kg2 a4 33. bxa4 Rxa4 34. Rd7 Kf8 35. g4 Ra5 36. Kg3 h5 37. f3 hxg4 38. hxg4 Ra3 39. Kf4 Ra5 40. e4 g5+ 41. Kg3 Re5 42. Rd5 1-0

[Event "La Fere op 7th"]
[Site "La Fere"]
[Date "2008.07.08"]
[Round "5"]
[White "Godart, Francois"]
[Black "Soyez, Cyril"]
[Result "1/2-1/2"]
[WhiteElo "1985"]
[BlackElo "2254"]
[PlyCount "93"]
[EventDate "2008.07.05"]
[EventType "swiss"]
[EventRounds "9"]
[EventCountry "FRA"]
[SourceTitle "CBM 125 Extra"]
[Source "ChessBase"]
[SourceDate "2008.09.01"]
[SourceVersion "1"]
[SourceVersionDate "2008.09.01"]
[SourceQuality "1"]

1. d4 c5 2. Nf3 Nf6 3. c4 cxd4 4. Nxd4 e5 5. Nb5 d5 6. cxd5 Bb4+ 7. Bd2 Bc5 8. e3 0-0 9. Bc4 Nxd5 10. 0-0 Nb6 11. Bb3 Bf5 12. Bc2 e4 13. Bc3 Na6 14. Nd2 Qe7 15. a3 Nd5 16. Qh5 Nxc3 17. Nxc3 Bg6 18. Qe2 f5 19. b4 Bd6 20. Nc4 Bf7 21. Nxd6 Qxd6 22. Rfd1 Qc6 23. b5 Qxc3 24. bxa6 Bc4 25. Qd2 Qxd2 26. Rxd2 Bxa6 27. Bb3+ Kh8 28. Rd7 Rad8 29. Rad1 Rxd7 30. Rxd7 g6 31. h4 Rc8 32. Bd5 Rc1+ 33. Kh2 Rd1 34. Kg3 h5 35. Kf4 Bb5 36. Rd8+ Kg7 37. Rg8+ Kh7 38. Bf7 Rd7 39. Be6 Rd6 40. Rb8 Rxe6 41. Rxb7+ Kh6 42. Rxb5 Ra6 43. Rb3 Ra5 44. Rc3 Rb5 45. Rc2 Rd5 46. a4 Ra5 47. Rc4 1/2-1/2

[Event "La Fere op 7th"]
[Site "La Fere"]
[Date "2008.07.06"]
[Round "3"]
[White "Regniez, Jeremy"]
[Black "Soyez, Cyril"]
[Result "0-1"]
[WhiteElo "1750"]
[BlackElo "2254"]
[PlyCount "22"]
[EventDate "2008.07.05"]
[EventType "swiss"]
[EventRounds "9"]
[EventCountry "FRA"]
[SourceTitle "CBM 125 Extra"]
[Source "ChessBase"]
[SourceDate "2008.09.01"]
[SourceVersion "1"]
[SourceVersionDate "2008.09.01"]
[SourceQuality "1"]

1. d4 Nf6 2. Bg5 c5 3. c3 cxd4 4. Bxf6 exf6 5. Qxd4 Nc6 6. Qe3+ Be7 7. Qg3 0-0 8. Nd2 d5 9. e3 Qb6 10. Nb3 a5 11. a4 Qxb3 0-1

[Event "FRA-ch U20"]
[Site "La Roche sur Yon"]
[Date "2008.04.26"]
[Round "8"]
[White "Soyez, Cyril"]
[Black "Genzling, Alain"]
[Result "0-1"]
[WhiteElo "2244"]
[BlackElo "2281"]
[PlyCount "48"]
[EventDate "2008.04.21"]
[EventType "swiss"]
[EventRounds "9"]
[EventCountry "FRA"]
[SourceTitle "EXT 2010"]
[Source "ChessBase"]
[SourceDate "2010.11.25"]
[SourceVersion "1"]
[SourceVersionDate "2010.11.25"]
[SourceQuality "1"]

1. c4 Nf6 2. g3 c6 3. Nf3 d5 4. b3 g6 5. Bb2 Bg7 6. Bg2 0-0 7. 0-0 Bf5 8. d3 Re8 9. Nbd2 Nbd7 10. Qc2 Bg4 11. e4 dxe4 12. dxe4 e5 13. c5 Qc7 14. b4 Bxf3 15. Bxf3 a5 16. a3 axb4 17. axb4 b6 18. cxb6 Qxb6 19. Rxa8 Rxa8 20. Rc1 Qxb4 21. Qxc6 Ra2 22. Bc3 Qa3 23. Rf1 Rxd2 24. Ra1 Ra2 0-1

[Event "FRA-ch U20"]
[Site "La Roche sur Yon"]
[Date "2008.04.24"]
[Round "6"]
[White "Soyez, Cyril"]
[Black "Mania, Clement"]
[Result "1/2-1/2"]
[WhiteElo "2244"]
[BlackElo "1956"]
[PlyCount "98"]
[EventDate "2008.04.21"]
[EventType "swiss"]
[EventRounds "9"]
[EventCountry "FRA"]
[SourceTitle "EXT 2010"]
[Source "ChessBase"]
[SourceDate "2010.11.25"]
[SourceVersion "1"]
[SourceVersionDate "2010.11.25"]
[SourceQuality "1"]

1. c4 e6 2. Nf3 d5 3. b3 Be7 4. Bb2 Bf6 5. Bxf6 Nxf6 6. g3 0-0 7. Bg2 Nbd7 8. 0-0 c6 9. d3 e5 10. Qc2 Re8 11. cxd5 cxd5 12. Nc3 Nf8 13. Rac1 Bf5 14. Nb5 Rc8 15. Qb2 a6 16. Nc3 Qd6 17. Rfd1 N8d7 18. e4 Be6 19. d4 dxe4 20. dxe5 Qb6 21. Ng5 Nxe5 22. Ncxe4 Rxc1 23. Qxc1 Nxe4 24. Nxe4 Bg4 25. Re1 Bf3 26. Qc3 Bxg2 27. Kxg2 Qc6 28. Qxc6 bxc6 29. Nc5 Re7 30. f4 Ng6 31. Rxe7 Nxe7 32. Nxa6 Kf8 33. Kf3 Nd5 34. a4 Ke7 35. Ke4 Kd6 36. Kd4 h5 37. Nc5 h4 38. Ne4+ Kc7 39. Ng5 f6 40. Ne6+ Kb6 41. Nxg7 Ka5 42. Kc5 h3 43. f5 Ne3 44. Nh5 Nxf5 45. Nxf6 Nxg3 46. Kxc6 Nf1 47. Ng4 Nd2 48. Nf2 Nxb3 49. Kd5 Nd2 1/2-1/2

[Event "Proville op 4th"]
[Site "Proville"]
[Date "2007.07.01"]
[Round "6"]
[White "Soyez, Cyril"]
[Black "Manet, Eric"]
[Result "1/2-1/2"]
[WhiteElo "2155"]
[BlackElo "2001"]
[PlyCount "38"]
[EventDate "2007.06.29"]
[EventType "swiss"]
[EventRounds "7"]
[EventCountry "FRA"]
[SourceTitle "CBM 119 Extra"]
[Source "ChessBase"]
[SourceDate "2007.09.04"]
[SourceVersion "1"]
[SourceVersionDate "2007.09.04"]
[SourceQuality "1"]

1. c4 Nf6 2. g3 g6 3. Bg2 Bg7 4. Nc3 0-0 5. d4 d6 6. Nf3 Nbd7 7. b3 c5 8. Bb2 cxd4 9. Nxd4 Nc5 10. 0-0 Rb8 11. h3 Ne6 12. Nxe6 Bxe6 13. Qd2 a6 14. a4 Qb6 15. Ra3 Nd7 16. Nd5 Bxd5 17. Bxd5 Bxb2 18. Qxb2 Qb4 19. Ra2 Nc5 1/2-1/2

[Event "FRA-ch U20"]
[Site "Le Grand Bornand"]
[Date "2007.04.09"]
[Round "1"]
[White "Cabel Simon, Remi"]
[Black "Soyez, Cyril"]
[Result "0-1"]
[WhiteElo "1853"]
[BlackElo "2155"]
[PlyCount "38"]
[EventDate "2007.04.07"]
[EventType "swiss"]
[EventRounds "9"]
[EventCountry "FRA"]
[SourceTitle "CBM 118 Extra"]
[Source "ChessBase"]
[SourceDate "2007.07.04"]
[SourceVersion "1"]
[SourceVersionDate "2007.07.04"]
[SourceQuality "1"]

1. g3 g6 2. Bg2 Bg7 3. Nc3 c5 4. d3 Nc6 5. e4 Rb8 6. Be3 b5 7. Bxc5 b4 8. Nd5 Bxb2 9. Rb1 Bg7 10. Ne2 Qa5 11. d4 d6 12. Bxb4 Nxb4 13. c3 Na6 14. Rxb8 Nxb8 15. Qb3 Na6 16. Nef4 Nf6 17. Ne3 0-0 18. 0-0 Bd7 19. Nc4 Qa4 0-1

[Event "FRA-ch U20"]
[Site "Le Grand Bornand"]
[Date "2007.04.09"]
[Round "2"]
[White "Soyez, Cyril"]
[Black "Le Goff, Damien"]
[Result "1-0"]
[WhiteElo "2155"]
[BlackElo "2279"]
[PlyCount "89"]
[EventDate "2007.04.07"]
[EventType "swiss"]
[EventRounds "9"]
[EventCountry "FRA"]
[SourceTitle "CBM 118 Extra"]
[Source "ChessBase"]
[SourceDate "2007.07.04"]
[SourceVersion "1"]
[SourceVersionDate "2007.07.04"]
[SourceQuality "1"]

1. c4 e5 2. g3 Nc6 3. Bg2 g6 4. Nc3 d6 5. Rb1 Be6 6. b4 Qd7 7. d3 Bg7 8. Bd2 Nge7 9. Nd5 0-0 10. b5 Nd8 11. Qa4 f5 12. h4 h6 13. f4 e4 14. dxe4 fxe4 15. Nxe7+ Qxe7 16. Bxe4 Bg4 17. Bf3 Bf5 18. Rd1 Ne6 19. Be3 Ng5 20. hxg5 Qxe3 21. gxh6 Qc3+ 22. Rd2 Bd4 23. Qb3 Qa5 24. Kd1 Bc3 25. Rd5 Rae8 26. Nh3 Re3 27. b6 c5 28. Rxf5 gxf5 29. bxa7 Bd4 30. Qxb7 Qxa2 31. h7+ Kh8 32. a8Q Qxa8 33. Qxa8 Rxa8 34. Bxa8 Kxh7 35. Ng5+ Kg6 36. Nf3 Ra3 37. Bd5 Bf2 38. Rh8 Ra1+ 39. Kc2 Ra2+ 40. Kb3 Rxe2 41. Nh4+ Kg7 42. Rg8+ Kh7 43. Nxf5 Rd2 44. Rg7+ Kh8 45. Rg6 1-0

[Event "Fenain op"]
[Site "Fenain"]
[Date "2007.02.26"]
[Round "5.1"]
[White "Soyez, Cyril"]
[Black "Kirszenberg, Marc"]
[Result "1/2-1/2"]
[WhiteElo "2105"]
[BlackElo "2183"]
[PlyCount "27"]
[EventDate "2007.02.24"]
[EventType "swiss"]
[EventRounds "7"]
[EventCountry "FRA"]
[SourceTitle "CBM 117 Extra"]
[Source "ChessBase"]
[SourceDate "2007.05.09"]
[SourceVersion "1"]
[SourceVersionDate "2007.05.09"]
[SourceQuality "1"]

1. c4 c6 2. g3 d5 3. Bg2 Nf6 4. Nf3 Bf5 5. b3 e6 6. Bb2 Be7 7. d3 h6 8. Nbd2 Nbd7 9. 0-0 0-0 10. Re1 Bh7 11. Rc1 a5 12. a3 Re8 13. Rc2 Bc5 14. Qa1 1/2-1/2